| 000 | 00456pab a2200157 454500 | ||
|---|---|---|---|
| 008 | 180718b2006 xxu||||| |||| 00| 0 eng d | ||
| 100 | _aRaju, B. Yerram | ||
| 245 | _aGrowth-pole strategies: conceptual note on planning for a resource-deficient Sikandara growth pole | ||
| 260 | _c2006 | ||
| 300 | _ap.101-05. | ||
| 362 | _aJan-Jun | ||
| 650 | _aEconomic planning | ||
| 773 | _aASTI Journal of Training and Development | ||
| 908 | _aN | ||
| 909 | _a74059 | ||
| 999 |
_c74059 _d74059 |
||